High-voltage engineering (Record no. 31476)

000 -LEADER
fixed length control field 00474nam a22001937a 4500
001 - CONTROL NUMBER
control field 31476
003 - CONTROL NUMBER IDENTIFIER
control field BD-DhUET
008 - FIXED-LENGTH DATA ELEMENTS--GENERAL INFORMATION
fixed length control field 150701b xxu||||| |||| 00| 0 eng d
040 ## - CATALOGING SOURCE
Original cataloging agency DLC
Transcribing agency DLC
Modifying agency BD-DhUET
082 ## - DEWEY DECIMAL CLASSIFICATION NUMBER
Classification number 623.14
Item number KUF/1970
100 ## - MAIN ENTRY--PERSONAL NAME
Personal name Kuffel, E.
245 ## - TITLE STATEMENT
Title High-voltage engineering
250 ## - EDITION STATEMENT
Edition statement 1st ed.
260 ## - PUBLICATION, DISTRIBUTION, ETC. (IMPRINT)
Place of publication, distribution, etc. Oxford
Name of publisher, distributor, etc. Pergamon Press
Date of publication, distribution, etc. 1970
300 ## - PHYSICAL DESCRIPTION
Extent x, 337p.
Other physical details illus.
650 #0 - SUBJECT ADDED ENTRY--TOPICAL TERM
Topical term or geographic name as entry element Electrical engineering
700 ## - ADDED ENTRY--PERSONAL NAME
Personal name Abdullah, M.
942 ## - ADDED ENTRY ELEMENTS (KOHA)
Koha item type General Book
Holdings
Koha item type Lost status Withdrawn status Copy number Shelving location Date acquired Price effective from Sublocation or collection (holding branch) Koha normalized classification for sorting Not for loan Piece designation (barcode) Source of classification or shelving scheme Damaged status Koha date last seen Location (home branch) Koha full call number
Reading Item  1Reading section2015-07-012015-07-01Central Library, BUET623_140000000000000_KUF_1970 19892  2015-07-01Central Library, BUET623.14/KUF/1970